000 00715nam a2200181Ia 4500
008 090124s9999 xx 000 0 und d
082 _b19452
100 _aचिपळूणकर विष्णुशास्त्री
245 _a आमच्या देशाची स्थिति
250 _a0
260 _bवा . वी . साठे
_c1937
300 _a80
600 _aचिपळूणकर विष्णुशास्त्री
630 _a आमच्या देशाची स्थिति
700 _aचिपळूणकर विष्णुशास्त्री
730 _a आमच्या देशाची स्थिति
942 _cBOOK
999 _c90479
_d90479